000 01472nam a2200277 i 4500
001 43543
003 ES-MaACL
005 20240224062533.0
007 t|
008 030318s1819 sp ||||1| spa d
100 1 _aCervantes Saavedra, Miguel de,
_d1547-1616
_9226514
240 1 0 _aDon Quijote de la Mancha
245 1 3 _aEl ingenioso hidalgo don Quijote de la Mancha /
_ccompuesto por Miguel de Cervantes Saavedra ; parte primera [-segunda], tomo I [-IV].
250 _a4ª ed. corr. / por la Real Academia Española.
260 _aMadrid :
_b[s.n.],
_c1819 (
_fImp. Real)
300 _a5 t. (175 p., XXIV, 359 p., 1 mapa, 6 lám. ; 2 h. 410 p., 4 lám. ; XXII, 406 p., 6 lám. ; VI, 403 p., 4 lám.) ;
_c19 cm.
530 _aDisponible en formato digital.
595 _aEn esta ed., para la Primera parte se tomó como modelo la de 1608 y para la Segunda. la de 1615.
595 _aPara esta ed., la Academia decidió por primera vez adoptar la "j" en vez la "x" para estampar la voz Quijote.
597 _aEn las port., viñeta xil., con el lema de la Academia: "Limpia, fija y da esplendor"
599 _aLas h. de lám. son grab. calc. dibujadas por José Ribelles y grabadas por T. López Enguidanos y Alejandro Blanco.
710 2 _aReal Academia Española
_96336
852 _aES-MaACL
_jF-12098-100
_q.- Faltan tº 1 y 5º
856 _uhttp://bdh-rd.bne.es/viewer.vm?id=0000022683&page=1
_zBiblioteca Digital Hispánica
999 _c43543
_d43543